| 000 | 00707nam a22001577a 4500 | ||
|---|---|---|---|
| 003 | OSt | ||
| 005 | 20150913085858.0 | ||
| 008 | 150913b xxu||||| |||| 00| 0 eng d | ||
| 040 | _cRUA | ||
| 082 | _aAGR ភុំ 1996 B016 Or.1 | ||
| 100 |
_9358 _aភុំ វណ្ណារ៉ា |
||
| 245 | _aRice bronzing disease at toul kok trap, savay reing province : what is the cause មូលហេតុដែលបណ្តាលអោយកើតជំងឺអុជខ្មៅចំពោះដំណាំស្រូវនៅលើដីទួលគោកត្រឡប់ ខេត្តស្វាយរៀង | ||
| 260 |
_aPhnom Penh _bRUA _c1996 |
||
| 300 |
_a73p. _bill. _c29cm. |
||
| 942 |
_2ddc _cAGR |
||
| 999 |
_c340 _d340 |
||